|
|
|
|
| LEADER |
01099cam a2200265 7i4500 |
| 001 |
0000003539 |
| 005 |
20190226090000.0 |
| 020 |
|
|
|a 9788178084350 (pbk. ; low price ed.)
|
| 020 |
|
|
|a 817808435X (pbk. ; low price ed.)
|
| 020 |
|
|
|a 0201546108 (hbk.)
|
| 020 |
|
|
|a 9780201546101 (hbk.)
|
| 090 |
0 |
0 |
|a QA76.758
|b .H86 1995
|
| 100 |
1 |
|
|a Humphrey, Watts S
|
| 245 |
1 |
2 |
|a A discipline for software engineering
|c Watts S. Humphrey.
|
| 260 |
|
|
|a Boston
|a India:
|b Addison-Wesley,
|c 1995.
|
| 300 |
|
|
|a xxvi, 789 p.:
|b ill.;
|c 24 cm.
|
| 490 |
0 |
|
|a SEI series in software engineering
|
| 504 |
|
|
|a Includes bibliographical references and index
|
| 650 |
0 |
0 |
|a Software engineering
|
| 997 |
|
|
|a Engineering & Life Sciences, Faculty
|b Engineering, Department
|
| 997 |
|
|
|a Communication, Visual Art & Computing, Faculty
|b Computing, Department
|
| 999 |
|
|
|a 0000002203
|b BOK
|c OPEN SHELF
|e 2nd Floor, Bestari Jaya
|
| 999 |
|
|
|a 0000006844
|b BOK
|c OPEN SHELF
|e 2nd Floor, Bestari Jaya
|
| 999 |
|
|
|a 0000006845
|b BOK
|c OPEN SHELF
|e 2nd Floor, Bestari Jaya
|
| 999 |
|
|
|a 0000008275
|b BOK
|c OPEN SHELF
|e 2nd Floor, Bestari Jaya
|